The international handbook on innovation (Record no. 54295)

MARC details
000 -LEADER
fixed length control field 00673nam a2200205Ia 4500
008 - FIXED-LENGTH DATA ELEMENTS--GENERAL INFORMATION
fixed length control field 191130s2003##################000#0#eng##
020 ## - INTERNATIONAL STANDARD BOOK NUMBER
ISBN 9780080441986
082 ## - DEWEY DECIMAL CLASSIFICATION NUMBER
Classification number 306.42 SHA
245 ## - TITLE STATEMENT
Title The international handbook on innovation
Statement of responsibility, etc editor, Larisa V. Shavinina . Creative ability in business
260 ## - PUBLICATION, DISTRIBUTION, ETC. (IMPRINT)
Place of publication Amsterdam
Name of publisher Elsevier Science
Year of publication 2003
300 ## - PHYSICAL DESCRIPTION
Number of Pages xxviii, 1171 p. : ill. ; 26 cm.
500 ## - GENERAL NOTE
General note Includes bibliographical references and indexes
650 ## - SUBJECT ADDED ENTRY--TOPICAL TERM
Topical Term Creative ability
Topical Term Creative thinking
Topical Term Technological innovations
991 ## -
-- 197743
Holdings
Withdrawn status Lost status Damaged status Not for loan Home library Current library Shelving location Date acquired Full call number Accession Number Price effective from Koha item type
        Anna Centenary Library Anna Centenary Library 3RD FLOOR, B WING 09.10.2020 306.42 SHA 340818 09.10.2020 English Books

Find us on the map